000 00312nam a22001337a 4500
008 171005b xxu||||| |||| 00| 0 eng d
020 _a9781593852788
041 _aeng
080 _23RD
_a159.9
100 _a49
101 _aPSI
245 _aINTRODUCTION TO ADDICTIVE BEHAVIORS
_cTHOMBS,D.L
942 _2udc
_cBK
999 _c32085
_d32085